000 00272nam a2200109Ia 4500
008 230907s9999||||xx |||||||||||||| ||und||
082 _a621.381,HOR
100 _aHorowitz, Paul,
_996834
245 4 _aThe art of electronics /
300 _axxxi, 1192 pages :
942 _cBK
999 _c597895
_d597895